banner koha

Desempenho de espécies madeireiras em sistema agroflorestal de cacaueiro e seringueira no sul da Bahia, Brasil (Registro n. 9242)

MARC details
000 -LÍDER
fixed length control field 04211nab a2200313 i 4500
003 - CÓDIGO MARC DA AGÊNCIA CATALOGADORA
Campo de controle BR-BrBNA
005 - DATA E HORA DA ÚLTIMA ATUALIZAÇÃO
Campo de controle 20230821141716.0
008 - CAMPO DE TAMANHO FIXO
fixed length control field 230529b2020 bl.ar|pooa||| 00| 0 por |
040 ## - FONTE DA CATALOGAÇÃO
Agência catalogadora BR-BrBNA
Idioma da catalogação por
072 ## - CATEGORIA AGRIS
Código AGRIS F08
072 ## - CATEGORIA AGRIS
Código AGRIS K10
100 ## - ENTRADA PRINCIPAL - NOME PESSOAL
Nome pessoal Piotto, Daniel
100 ## - ENTRADA PRINCIPAL - NOME PESSOAL
Nome pessoal Marques, José Raimundo Bonadie
100 ## - ENTRADA PRINCIPAL - NOME PESSOAL
Nome pessoal Nunes, Andrei Caíque Pires
245 ## - TÍTULO PRINCIPAL
Título principal Desempenho de espécies madeireiras em sistema agroflorestal de cacaueiro e seringueira no sul da Bahia, Brasil
500 ## - NOTA GERAL
Nota geral Publicação on-line; 26 ref.; 5 tables; Summaries (En, Pt)
942 ## - ADDED ENTRY ELEMENTS (KOHA)
Koha item type
520 ## - NOTA DE RESUMO
Nota de conteúdo Mesmo havendo grandes áreas ocupadas por sistemas agroflorestais (SAFs) nos trópicos, pouco ainda é<br/>aproveitado do potencial de produção de madeira sólida de alta qualidade dessas áreas. Neste estudo, foi testado<br/>o efeito de três diferentes densidades de plantio de espécies madeireiras consorciadas com seringueira e cacaueiro<br/>sobre o crescimento e a produtividade de Cordia alliodora, Tectona grandis e Swietenia macrophylla, que<br/>representam essências florestais madeireiras com valor econômico promissoras na região Sul da Bahia. Na idade de<br/>12 anos, todos os indivíduos de espécies madeireiras foram medidos e classificados quanto a forma do fuste. Os<br/>resultados indicaram que a densidade de indivíduos de árvores madeireiras não teve efeitos no crescimento e na<br/>produtividade das árvores. Porém, o crescimento e a produtividade foram significativamente diferentes entre as<br/>espécies madeireiras estudadas. C. alliodora teve um crescimento superior às outras espécies. T. grandis e S.<br/>macrophylla tiveram taxas de crescimento similares. C. alliodora foi a espécie mais produtiva, mostrando diferenças<br/>significativas em volume e alcançando o dobro da produtividade encontrada quando comparada as outras espécies.<br/>Os resultados indicam um grande potencial dos SAFs para produção de madeira na região Sul da Bahia.<br/><br/>Palavras-chave: crescimento, produtividade, Cordia alliodora, Tectona grandis, Swietenia macrophylla, SAF.<br/><br/><br/>
520 ## - NOTA DE RESUMO
Nota de conteúdo Performance of timber species in agroforestry system with cocoa and rubber trees in southern Bahia, Brazil. <br/><br/>Besides the large areas occupied by agroforestry systems in the tropics, little is yet known about the potential <br/>for producing high quality timber in these areas. In this study, we tested the effect of three different planting densities <br/>of timber species mixed with rubber and cocoa agroforestry system on the growth and yield of Cordia alliodora, <br/>Tectona grandis and Swietenia macrophylla, which represent promising timber species for economic uses in southern Bahia. <br/>At the age of 12 years, all individuals of timber species were measured and classified for stem shape. <br/>The results indicated that the density of timber species had no effect on growth and yield. However, growth <br/>and yield were significantly different among the species studied. C. alliodora had a significantly higher growth <br/>than the other species. T. grandis and S. macrophylla had similar growth rates. C. alliodora was the most productive <br/>species, showing significant differences in volume when compared to other species and reaching twice of the yield found <br/>for T. grandis and S. macrophylla. The results of this study indicate a great potential for timber production in <br/>agroforestry systems in southern Bahia.<br/><br/>Key words: growth, yield, Cordia alliodora, Tectona grandis, Swietenia macrophylla
650 ## - ASSUNTO - THESAGRO
Cabeçalho tópico ou nome geográfico CRESCIMENTO
650 ## - ASSUNTO - THESAGRO
Cabeçalho tópico ou nome geográfico PRODUTIVIDADE
650 ## - ASSUNTO - THESAGRO
Cabeçalho tópico ou nome geográfico CORDIA ALLIODORA
650 ## - ASSUNTO - THESAGRO
Cabeçalho tópico ou nome geográfico TECTONA GRANDIS
650 ## - ASSUNTO - THESAGRO
Cabeçalho tópico ou nome geográfico SWIETENIA MACROPHYLLA
773 0# - ENTRADA ANALÍTICA
Host Biblionumber 1823
Registro do item 6918
Imprenta Itabuna-BA Comissão Executiva do Plano de Lavoura Cacaueira 1989
Outro identificador 2023-124816
Título Agrotrópica (Brazil)
ISSN 0103-3816
Colação v. 32(2) p. 97-104; (May-Aug 2020)
Número de controle de registro BR2023000588
856 ## - ACESSO E ENDEREÇO ELETRÔNICO
Identificador uniforme de recurso - URI https://www.gov.br/agricultura/pt-br/assuntos/ceplac/publicacoes/revista-agrotropica/artigos/2020-DOI-10.21757/0103-3816-2020v32n2p97-104.pdf
856 ## - ACESSO E ENDEREÇO ELETRÔNICO
Identificador uniforme de recurso - URI https://www.gov.br/agricultura/pt-br/assuntos/ceplac/publicacoes/revista-agrotropica/revista-volumes/2000-a-2010/revista-agrotropica-vol-32-no-2-2020.pdf

Nenhum exemplar disponível.

BINAGRI

Telefone: (61)3218-2567/2388/3357/2097 - binagri@agro.gov.br

Ministério da Agricultura e Pecuária , Esplanada dos Ministérios, Bloco D, Anexo B, Brasília/DF, CEP: 70.043-900